00429nam a2200157 a 4500008004100000050001600041100001800057245004800075246002500123260004400148300001300192350000900205650001300214650002600227700001800253120416s1965 ||||||||||||||||| || u aJF 2011 Pol aPye, Lucian W10aPolitical culture and political development aed. by Lucian W. Pye aPrinceton, N.J.bUniversity pressc1965 ax, 574p. a0.00 aPOLITICS aPOLITICAL DEVELOPMENT aVerba, Sidney